00825nam a2200181Ia 4500008004100000020001800041050002200059100002100081245015300102250001000255260003600265300001700301500010900318650003100427700005400458952011400512999001700626120721s9999 xx 000 0 und d a968-880-230-1 aQA300 A7918 c2002 aArya, Jagdish C. aMatemáticas aplicadas a la administración, economía, ciencias biológicas y sociales / Jagdish C. Arya, Robin W. Lardner ; tr. Elenade Oteyza a3a ed aMéxico : Prentice Hall, c2002 a870 p. : il. aTraducción de la obra: Mathematical analysis for business, economics, and the life and social sciences a1. Análisis matemático aI. Lardner, Robin W. II. Oteyza, Elena de, tr.Ì 00104070a08b08d2008-12-17l7m2oQA300 A7918 C2002p08 000910r2019-08-30s2019-06-28t1w2012-07-20yLB c81603d81603